00419nam a22001337a 450000500170000000800410001702000180005805000160007610000200009224500950011226000390020730000200024650000190026620250308170549.0250308b |||||||| |||| 00| 0 eng d a9790421647908 aKD1578bB83 aBuckley, R. A.  aThe Contract Law Library: Illegality and Public Policy / by R. A. BuckleycBuckley, R. A.  aLondon ;bSweet and Maxwellcc2002 axxxix, 313 p, ; aIncludes index